000 00279nam a2200121 a 4500
005 20141022142000.0
008 090305s19uu xx 00 eng d
050 _aVHS
_bP75 1961
245 _aRaisin of the sun.
650 _aVHS.
650 _aRaisin of the sun
942 _cAVM
999 _c276215
_d276215